| 000 | 00530nam a2200169Ia 4500 | ||
|---|---|---|---|
| 008 | 140512s9999 xx 000 0 und d | ||
| 020 | _a9780198392842 | ||
| 050 |
_aPE 1114 _b.Al363 2013 |
||
| 100 | _aAldin, Kawther S. | ||
| 245 |
_aEnglish B for the IB diploma / _cKawther Saa'd Aldin |
||
| 260 |
_aUnited Kingdom : _bOxford University Press, _cc2013. |
||
| 300 |
_a201 p. : _bcol. Ill. ; _c28 cm. |
||
| 650 |
_aEnglish Language _xExaminations -- Study guide |
||
| 650 | _aEnglish Literature | ||
| 942 | _cBK | ||
| 999 |
_c116681 _d116681 |
||